Państwa najbliżej Meksyku A-Z - Statystyki

Ogólne statystyki
  • Ten quiz został rozwiązany 128 razy
    114 od ostatniego zresetowania
  • Średni wynik to 18 z 23
Statystyki odpowiedzi
Litera Państwo % Poprawnych
H Honduras
94%
S Stany Zjednoczone
94%
J Jamajka
93%
G Gwatemala
92%
B Belize
91%
O Oman
91%
D Dominikana
90%
A Antigua i Barbuda
89%
K Kostaryka
88%
E Ekwador
87%
V Vanuatu
87%
P Panama
84%
C Chile
81%
U Urugwaj
81%
N Nikaragua
78%
F Francja
76%
Z Zambia
76%
T Trynidad i Tobago
69%
R Rosja
60%
I Irlandia
52%
L Liberia
40%
W Wielka Brytania
36%
M Mauretania
29%
Nie znaleziono quizów pasujących do podanych kryteriów
Rozkład punktacji
Procent ludzi z każdym wynikiem
Percentyl według liczby udzielonych odpowiedzi
Twoja historia wyników
Nie rozwiązałeś tego quizu od ostatniego zresetowania